The Calligrapher's bible: 100 complete alphabets and how to draw them
Uloženo v:
| Hlavní autor: | |
|---|---|
| Médium: | Kniha |
| Jazyk: | angličtina |
| Vydáno: |
Londres
Quarto Publishing
2003
|
| Vydání: | 1a. ed |
| Témata: | |
| Tagy: |
Přidat tag
Žádné tagy, Buďte první, kdo vytvoří štítek k tomuto záznamu!
|
MARC
| LEADER | 00000cam a2200000 a 4500 | ||
|---|---|---|---|
| 001 | UCC0805 | ||
| 003 | CL-VaPUC | ||
| 008 | 170908e20030000uk |||||||||||||||||eng|d | ||
| 020 | |a 9780764156151 | ||
| 082 | 0 | 4 | |a 745.61 |b HAR |2 21 |
| 100 | 0 | |a Harris, David |e author |9 594800 | |
| 245 | 1 | 4 | |a The Calligrapher's bible: 100 complete alphabets and how to draw them |
| 250 | |a 1a. ed | ||
| 300 | |a 256 p | ||
| 942 | |c BK | ||
| 945 | |d 20170908 13:53:00 |a dcastane | ||
| 260 | |a Londres |b Quarto Publishing |c 2003 | ||
| 650 | 7 | |a CALIGRAFIA |2 CL-VaPUC |9 594801 | |
| 650 | 0 | |a Letras |9 352290 | |
| 650 | 0 | |a Tipografía |9 266998 | |
| 650 | 0 | |a Artes gráficas |9 265865 | |
| 583 | |a last modification |c 20170908 13:53:00 |k Rodrigo Vera | ||
| 999 | |c 369512 |d 369510 | ||
| 952 | |0 0 |1 0 |3 erd |4 0 |6 745_610000000000000_HAR_2003 |7 0 |8 A |9 485345 |a BIBARQ |b BIBARQ |i 5421063 |l 1 |o 745.61 HAR 2003 |p 5421063 |r 2025-01-20 |s 2024-04-10 |w 2019-11-24 |y BK |z Catalogado en:20170908 |k ARQ | ||